MARC details
| 000 -LEADER |
| fixed length control field |
01527nam a22003017a 4500 |
| 001 - CONTROL NUMBER |
| control field |
200458837 |
| 003 - CONTROL NUMBER IDENTIFIER |
| control field |
TR-AnTOB |
| 005 - DATE AND TIME OF LATEST TRANSACTION |
| control field |
20241129155058.0 |
| 007 - PHYSICAL DESCRIPTION FIXED FIELD--GENERAL INFORMATION |
| fixed length control field |
ta |
| 008 - FIXED-LENGTH DATA ELEMENTS--GENERAL INFORMATION |
| fixed length control field |
231116b tu a 000 0 tur d |
| 040 ## - CATALOGING SOURCE |
| Original cataloging agency |
TR-AnTOB |
| Language of cataloging |
eng |
| Description conventions |
rda |
| Transcribing agency |
TR-AnTOB |
| 041 0# - LANGUAGE CODE |
| Language code of text/sound track or separate title |
Türkçe |
| -- |
İngilizce |
| 050 1# - LIBRARY OF CONGRESS CALL NUMBER |
| Classification number |
DS156.A36 |
| 090 ## - LOCALLY ASSIGNED LC-TYPE CALL NUMBER (OCLC); LOCAL CALL NUMBER (RLIN) |
| Classification number (OCLC) (R) ; Classification number, CALL (RLIN) (NR) |
DS156.A36 |
| Local cutter number (OCLC) ; Book number/undivided call number, CALL (RLIN) |
T875 |
| 245 00 - TITLE STATEMENT |
| Title |
Zamanın izinde = |
| Remainder of title |
the traces of time / |
| Statement of responsibility, etc. |
proje koordinatörü Türktraktör. |
| 264 #1 - PRODUCTION, PUBLICATION, DISTRIBUTION, MANUFACTURE, AND COPYRIGHT NOTICE |
| Place of production, publication, distribution, manufacture |
Ankara : |
| Name of producer, publisher, distributor, manufacturer |
Türktraktör, |
| Date of production, publication, distribution, manufacture, or copyright notice |
[date of publication not identified] |
| 300 ## - PHYSICAL DESCRIPTION |
| Extent |
180 pages : |
| Other physical details |
illustrations, photographs ; |
| Dimensions |
23 cm |
| 336 ## - CONTENT TYPE |
| Source |
rdacontent |
| Content type term |
text |
| Content type code |
txt |
| 337 ## - MEDIA TYPE |
| Source |
rdamedia |
| Media type term |
unmediated |
| Media type code |
n |
| 338 ## - CARRIER TYPE |
| Source |
rdacarrier |
| Carrier type term |
volume |
| Carrier type code |
nc |
| 500 ## - GENERAL NOTE |
| General note |
Proje Yürütücüsü / Project Execution: 451 DERECE Sosyal Fayda iletişimi<br/>Metin Yazarı ve Röportajlar/Conywriter and Interviews: Emiyra Yılmaz<br/>Kitap Tasarımı /Book Design: Yar Silan Atila<br/>Fotoğraflar/Photography: Fatih Atıcı, Ali Osman Karaaslan, Mehmet Güney<br/>Video Prodüksiyon /Video Production: 451 DERECE Sosyal Fayda iletisimi<br/>İçerik Danışmanı / Content Advisor: Murat Yağcı<br/>Editöryel Katkı / Editorial Contribution: Kerem Şenel<br/>Çeviri / Translation: Hande Dönmez, Yağmur Uğuz, Ferhat Şirin<br/>ingilizce Editör/ English Editor: Gülfem Aslan, Stuart Kline |
| 650 #0 - SUBJECT ADDED ENTRY--TOPICAL TERM |
| Topical term or geographic name entry element |
Kazılar (Arkeoloji) |
| Geographic subdivision |
Türkiye |
| 9 (RLIN) |
122675 |
| 653 ## - INDEX TERM--UNCONTROLLED |
| Uncontrolled term |
Niğde-Kınık Höyük |
|
| Uncontrolled term |
Mersin-Elaiussa Sebaste Antik Kenti |
|
| Uncontrolled term |
Yozgat-Uşaklı Höyük |
| 942 ## - ADDED ENTRY ELEMENTS (KOHA) |
| Source of classification or shelving scheme |
Library of Congress Classification |
| Koha item type |
Book |